000 00754nam a22002057a 4500
999 _c10223
_d10223
003 AR-CdUCM
008 190329b ||||| |||| 00| 0 spa d
040 _aMUNICIPALIDAD PROVINCIAL DEL CUSCO
_cBIBLIOTECA MUNICIPAL DEL CUSCO
082 _a170 /
_bP25 / 1887
100 _aPape Carpantier, M.
_926945
245 _aLecciones morales é instructivas /
260 _aParís :
_bLiberia de hachette y cía,
_c1887.
300 _a80 páginas ;
_bIlustraciones,
_c18 cm.
505 _aContenido: La rosa y las espinas -- Las gotas de roció -- El gallo del campanario -- El molino de agua -- La sentencia del abuelito ...
650 _aEtica
_91337
650 _aMoral
_94056
700 _aCharles Delon, M.
_926946
942 _2ddc
_cLIBROS
945 _aacv